Top 12 Atlanta Hawks Players - Statistics

General Stats
  • This quiz has been taken 298 times
    257 since last reset
  • The average score is 6 of 12
Answer Stats
Rank Player Win Share % Correct
2 Dominique Wilkins 107,4
96%
12 Lenny Wilkens 47,6
95%
1 Bob Pettit 136,0
84%
5 Al Horford 64,2
70%
4 Lou Hudson 73,5
49%
11 Doc Rivers 52,0
44%
3 Cliff Hagan 75,1
35%
10 Kevin Willis 54,2
35%
8 Mookie Blaylock 58,4
33%
7 Tree Rollins 58,8
30%
6 John Drew 60,7
19%
9 Zelmo Beaty 55,9
14%
No matching quizzes found
Score Distribution
Percent of People with Each Score
Percentile by Number Answered
Your Score History
You have not taken this quiz since the last reset